00391nam a2200157Ia 4500008004100000082002000041100001600061245002900077250000600106260002300112300000800135600001600143630002900159700001600188730002900204151018s9999 xx 000 0 und d bRBASDV1663a920 aW M. Thayer aLag-cabin to whote House b- bF.L.B. Housec1937 a189 aW M. Thayer aLag-cabin to whote House aW M. Thayer aLag-cabin to whote House